Competing uses of history in researching the social: a reply to Peter Baehr /
Сохранить в:
| Главный автор: | |
|---|---|
| Формат: | Текст |
| Метки: |
Добавить метку
Нет меток, Требуется 1-ая метка записи!
|
MARC
| LEADER | 00000 a a2200000 04500 | ||
|---|---|---|---|
| 001 | 4788 | ||
| 003 | |||
| 040 | |||
| 100 | |a Wickham, Gary | ||
| 245 | |a Competing uses of history in researching the social: |b a reply to Peter Baehr / |c Gary Wickham | ||
| 773 | |g volumen 56, número 6; páginas 849-954 | ||
| 999 | |c 26490 |d 26490 | ||
